000 00506nam a2200181Ia 4500
008 240925s9999 xx 000 0 und d
020 _a8176567138
082 _a006.6 MAT
100 _aMatosian, Michele
245 0 _aVisual Quickstart Guide 3Ds Max 5 for Windows
250 _aNA
260 _aNew Delhi:
_bTechmedia
_c,2003.
300 _axiii,543p.
_bNA
_fOriginal
500 _aIncludes Index
600 _aComputer Science
650 _aComputer science, information & general works
942 _cBK
999 _c7844
_d7844